[Event "XVII Aberto "]
[Site "Ourense"]
[Date "2008.07.04"]
[Round "2.34"]
[White "Figueiredo, Bruno Antonio"]
[Black "Andrade, Nuno Filipe"]
[Result "1-0"]
[WhiteElo "1933"]
[BlackElo "1445"]
[PlyCount "63"]
[EventDate "2008.07.03"]

1. c4 g6 2. Nc3 Bg7 3. g3 Nf6 4. Bg2 O-O 5. e3 d6 6. Nge2 Nbd7 7. O-O c5 8. d3
Rb8 9. Rb1 a6 10. b4 b6 11. b5 a5 12. h3 Bb7 13. e4 h6 14. f4 e5 15. Kh2 exf4
16. gxf4 Kh7 17. Be3 Re8 18. Bf2 Nh5 19. Na4 Nhf6 20. Bh4 Qc7 21. Bf3 Ba8 22.
Rg1 Re7 23. Qd2 Rbe8 24. Rg2 Nxe4 25. dxe4 Bxe4 26. Bxe7 Bxb1 27. Bxd6 Qd8 28.
Nac3 Bf5 29. Ng3 Be6 30. Bd5 Bxd5 31. Nxd5 Qa8 32. Nc7 1-0

[Event "XVII Aberto "]
[Site "Ourense"]
[Date "2008.07.04"]
[Round "2.35"]
[White "Rodriguez Lucena, Angel"]
[Black "Millan Soto, Miguel"]
[Result "0-1"]
[WhiteElo "1616"]
[BlackElo "1926"]
[PlyCount "98"]
[EventDate "2008.07.03"]

1. d4 Nf6 2. c4 g6 3. Nc3 Bg7 4. Nf3 O-O 5. g3 d6 6. Bg2 Nbd7 7. O-O c6 8. Re1
e5 9. dxe5 dxe5 10. Qc2 Qe7 11. e4 Re8 12. b3 h6 13. Bb2 Nh7 14. Rad1 Ng5 15.
Nxg5 hxg5 16. Bc1 Bf6 17. Be3 Kg7 18. Nb1 Rh8 19. Nd2 Nc5 20. Nf1 Bh3 21. Bxh3
Rxh3 22. f3 Ne6 23. Qf2 c5 24. Re2 Rah8 25. Red2 Nd4 26. Rb1 Qe6 27. Bxd4 exd4
28. Re1 b6 29. Rd3 Be5 30. Qg2 a6 31. Re2 b5 32. Rc2 b4 33. Re2 g4 34. fxg4
Qxg4 35. Qf3 Qe6 36. Rg2 Bf6 37. Kf2 Re8 38. Qe2 Bg5 39. g4 Rxd3 40. Qxd3 Qxe4
41. Qxe4 Rxe4 42. h3 d3 43. Ng3 d2 44. Rg1 Bh4 45. Rd1 Rd4 46. Kg2 Bxg3 47.
Kxg3 Kf6 48. Kf3 Kg5 49. Ke3 Kh4 0-1

[Event "XVII Aberto "]
[Site "Ourense"]
[Date "2008.07.04"]
[Round "2.37"]
[White "Palacios Gonzalez, Miguel"]
[Black "Hermida Araujo, Lino"]
[Result "0-1"]
[WhiteElo "1588"]
[BlackElo "1907"]
[PlyCount "70"]
[EventDate "2008.07.03"]

1. e4 d6 2. d4 Nf6 3. Nc3 g6 4. f3 Bg7 5. Be3 c6 6. Qd2 h6 7. g4 b5 8. Nge2 a5
9. Ng3 Ba6 10. Rb1 b4 11. Nd1 Qb6 12. Be2 Bxe2 13. Nxe2 h5 14. g5 Nfd7 15. f4
O-O 16. O-O Na6 17. f5 c5 18. d5 Ne5 19. b3 a4 20. f6 exf6 21. gxf6 Bh8 22. Bh6
Rfe8 23. Ng3 Qd8 24. Qg5 Qd7 25. Ne3 Ng4 26. Ng2 Re5 27. Qh4 Nxh6 28. Qf4 Ng4
29. Nf5 Nxf6 30. Nh6+ Kh7 31. Rbe1 g5 32. Qd2 Kxh6 33. h4 Qg4 34. hxg5+ Qxg5
35. Qxg5+ Kxg5 0-1

[Event "XVII Aberto "]
[Site "Ourense"]
[Date "2008.07.04"]
[Round "2.39"]
[White "Cid Liston, Ramon"]
[Black "Doval Gonzalez, Jose"]
[Result "0-1"]
[WhiteElo "1517"]
[BlackElo "1886"]
[PlyCount "70"]
[EventDate "2008.07.03"]

1. d4 f5 2. c4 g6 3. Nc3 Nf6 4. Nf3 Bg7 5. b3 O-O 6. Bb2 d6 7. e3 a6 8. g3 Nc6
9. Bg2 e5 10. d5 Nb8 11. O-O f4 12. exf4 exf4 13. Qd2 Nh5 14. Ne2 g5 15. Nfd4
Qe7 16. Kh1 Kh8 17. Rae1 Qf7 18. Ng1 g4 19. Ne6 f3 20. Nxf8 fxg2+ 21. Kxg2 Qxf8
22. Bxg7+ Nxg7 23. f3 Qd8 24. fxg4 Nd7 25. Rf2 Ne5 26. g5 Bf5 27. Nf3 Nd3 28.
Nh4 Nxf2 29. Qxf2 Qxg5 30. Nxf5 Nxf5 31. Kh1 Rf8 32. Qb2+ Qg7 33. Qe2 Qh6 34.
Kg2 Qf6 35. Kh1 Nd4 0-1

[Event "XVII Aberto "]
[Site "Ourense"]
[Date "2008.07.04"]
[Round "2.41"]
[White "Solange Videira Gabriel, Agna"]
[Black "Garcia Fernandez, Manuel"]
[Result "1/2-1/2"]
[WhiteElo "1461"]
[BlackElo "1873"]
[PlyCount "124"]
[EventDate "2008.07.03"]

1. e4 Nf6 2. Nc3 d5 3. e5 d4 4. exf6 dxc3 5. fxe7 cxd2+ 6. Qxd2 Bxe7 7. Qxd8+
Bxd8 8. Bf4 Bf5 9. O-O-O O-O 10. Bd3 Bxd3 11. Rxd3 Na6 12. Kb1 Bf6 13. Rd7 Rad8
14. Rxd8 Rxd8 15. Nf3 Nb4 16. Bxc7 Rc8 17. c3 Nxa2 18. Re1 h6 19. Be5 Bxe5 20.
Rxe5 Nxc3+ 21. bxc3 Rxc3 22. Kb2 Rc7 23. Nd4 a6 24. Nb3 Kh7 25. Re8 Kg6 26. Rb8
Re7 27. Nd4 Kg5 28. Rd8 g6 29. Rd6 Kf4 30. Rb6 Ke4 31. Ne2 Kd3 32. Nf4+ Kc4 33.
Rb3 g5 34. Rc3+ Kd4 35. Rd3+ Kc5 36. Rc3+ Kd6 37. Rd3+ Kc6 38. Rc3+ Kd7 39. Nd5
Re2+ 40. Rc2 Rxc2+ 41. Kxc2 Kd6 42. Ne3 h5 43. g3 Ke5 44. Kd3 b5 45. f3 f5 46.
Nc2 f4 47. g4 hxg4 48. fxg4 a5 49. Na3 Kd5 50. Nxb5 Kc5 51. Nc3 Kb4 52. Nb1 a4
53. h3 a3 54. Nxa3 Kxa3 55. Ke2 Kb4 56. Kf3 Kc5 57. h4 gxh4 58. Kxf4 Kd6 59. g5
Ke6 60. Kg4 h3 61. Kxh3 Kf5 62. Kh4 Kg6 1/2-1/2

[Event "XVII Aberto "]
[Site "Ourense"]
[Date "2008.07.05"]
[Round "3.2"]
[White "Manolache, Marius"]
[Black "Rivera Kuzawka, Daniel"]
[Result "1-0"]
[WhiteElo "2521"]
[BlackElo "2322"]
[PlyCount "81"]
[EventDate "2008.07.03"]

1. d4 e6 2. c4 f5 3. g3 Nf6 4. Bg2 d5 5. Nf3 c6 6. Qc2 Be7 7. O-O O-O 8. b3 Bd7
9. Ne5 Be8 10. Nd3 Na6 11. c5 Nd7 12. b4 Bf6 13. Bb2 Nc7 14. Nd2 g5 15. Nb3 Qe7
16. a4 a6 17. e3 Bg6 18. f4 g4 19. Ne5 Rfb8 20. Na5 Nxe5 21. dxe5 Bg7 22. Bd4
Be8 23. Rfb1 Bd7 24. Bf1 Qe8 25. h3 h5 26. hxg4 hxg4 27. Kf2 Qh5 28. Bg2 Qg6
29. Rh1 Rf8 30. Nxb7 Rab8 31. Na5 Rxb4 32. Rab1 Rbb8 33. Rb6 Rfc8 34. Rhb1 Qe8
35. Nb7 Qf8 36. Nd6 Rd8 37. Rb7 Rxb7 38. Rxb7 Ne8 39. Qb3 Nxd6 40. cxd6 Qe8 41.
Qb6 1-0

[Event "XVII Aberto "]
[Site "Ourense"]
[Date "2008.07.05"]
[Round "3.3"]
[White "Garcia Castro, Pablo"]
[Black "Rivas Pastor, Manuel"]
[Result "1/2-1/2"]
[WhiteElo "2390"]
[BlackElo "2508"]
[PlyCount "33"]
[EventDate "2008.07.03"]

1. e4 g6 2. Nc3 Bg7 3. g3 e5 4. Bg2 d6 5. d3 h5 6. Nf3 c5 7. Nd5 Nc6 8. Bg5 f6
9. Be3 Nge7 10. Nxe7 Nxe7 11. c3 Be6 12. Qd2 b6 13. d4 Qd7 14. h3 g5 15. d5 Bf7
16. Qe2 b5 17. Nd2 1/2-1/2

[Event "XVII Aberto "]
[Site "Ourense"]
[Date "2008.07.05"]
[Round "3.5"]
[White "Starostits, Ilmars"]
[Black "Chemeris, Román"]
[Result "1-0"]
[WhiteElo "2497"]
[BlackElo "2303"]
[PlyCount "65"]
[EventDate "2008.07.03"]

1. e4 e6 2. d4 d5 3. Nc3 Bb4 4. e5 c5 5. a3 Bxc3+ 6. bxc3 Qa5 7. Bd2 Qa4 8. Qg4
Kf8 9. Qd1 b6 10. h4 Ba6 11. Bxa6 Nxa6 12. h5 Rc8 13. h6 Nxh6 14. Bxh6 gxh6 15.
Qd2 cxd4 16. Rh4 Ke8 17. Rxd4 Qa5 18. Ne2 Rg8 19. Kf1 Rg6 20. Rd1 Nb8 21. f4
Nc6 22. Rd3 f5 23. exf6 Rxf6 24. Ng3 Kf7 25. Nh5 Rg6 26. f5 exf5 27. Rxd5 Qa6+
28. Kg1 Ne7 29. Nf4 Qc4 30. Re5 Rf6 31. Qd7 Re8 32. Nh5 Qxc3 33. Rde1 1-0

[Event "XVII Aberto "]
[Site "Ourense"]
[Date "2008.07.05"]
[Round "3.6"]
[White "Arnaudov, G. Petar"]
[Black "Almagro Llamas, Pablo"]
[Result "1/2-1/2"]
[WhiteElo "2311"]
[BlackElo "2492"]
[PlyCount "35"]
[EventDate "2008.07.03"]

1. d4 d5 2. c4 c6 3. Nc3 Nf6 4. e3 a6 5. Nf3 b5 6. b3 Bg4 7. Be2 e6 8. O-O Nbd7
9. h3 Bh5 10. Bb2 Bd6 11. Ne5 Bxe2 12. Nxe2 Qc7 13. cxd5 cxd5 14. Rc1 Qb8 15.
Nxd7 Kxd7 16. f3 Qb7 17. Nf4 Bxf4 18. exf4 1/2-1/2

[Event "XVII Aberto "]
[Site "Ourense"]
[Date "2008.07.05"]
[Round "3.8"]
[White "Dimitrov, Vladimir"]
[Black "Fernandez De Pablo, Miguel A"]
[Result "1-0"]
[WhiteElo "2450"]
[BlackElo "2232"]
[PlyCount "75"]
[EventDate "2008.07.03"]

1. e4 c5 2. Nf3 Nc6 3. d4 cxd4 4. Nxd4 Nf6 5. Nc3 e5 6. Ndb5 d6 7. Bg5 a6 8.
Na3 b5 9. Bxf6 gxf6 10. Nd5 Bg7 11. Bd3 Ne7 12. Nxe7 Qxe7 13. c4 f5 14. O-O O-O
15. Qf3 bxc4 16. Nxc4 d5 17. exd5 e4 18. Qe3 Qf6 19. Bc2 Bb7 20. d6 f4 21. Qh3
Rac8 22. b3 Bd5 23. Rad1 Bxc4 24. Bxe4 h6 25. d7 Rc5 26. bxc4 Rxc4 27. Qd3 Qd4
28. Qb3 Qxe4 29. d8=Q Rxd8 30. Rxd8+ Kh7 31. Re8 Qc2 32. Re7 Qxb3 33. axb3 Rb4
34. Rxf7 Rxb3 35. Rxf4 a5 36. g3 Ra3 37. Rb1 Ra2 38. Rb7 1-0

[Event "XVII Aberto "]
[Site "Ourense"]
[Date "2008.07.05"]
[Round "3.9"]
[White "Astasio Lopez, David"]
[Black "Hoffman, Alejandro"]
[Result "0-1"]
[WhiteElo "2258"]
[BlackElo "2445"]
[PlyCount "102"]
[EventDate "2008.07.03"]

1. d4 Nf6 2. Nd2 c5 3. e3 g6 4. Ngf3 Bg7 5. Bd3 O-O 6. c3 Qc7 7. O-O d5 8. Qe2
Nc6 9. dxc5 Bg4 10. h3 Bxf3 11. Nxf3 Nd7 12. e4 dxe4 13. Bxe4 Nxc5 14. Bc2 Rad8
15. Be3 Nd7 16. Rad1 Nb6 17. Qb5 Nc8 18. Rfe1 h6 19. Qa4 Rxd1 20. Rxd1 Rd8 21.
Re1 e6 22. Rd1 Rxd1+ 23. Bxd1 N8e7 24. Qe4 Nf5 25. Bf4 Qb6 26. Qc2 Qc5 27. Qb3
e5 28. Bd2 e4 29. Nh2 e3 30. Be1 Qe7 31. Qc2 h5 32. Nf1 Qe6 33. Nxe3 Nxe3 34.
fxe3 Qxa2 35. Bg3 Qe6 36. Qd3 Bh6 37. e4 Qa2 38. Qc2 Bg7 39. Kh2 Be5 40. Bxe5
Nxe5 41. b3 Qa6 42. Qd2 Qf6 43. Qe3 b6 44. Be2 h4 45. b4 a5 46. bxa5 bxa5 47.
Bb5 Qd6 48. Kg1 Qd1+ 49. Kh2 a4 50. Qd4 Qxd4 51. cxd4 a3 0-1

[Event "XVII Aberto "]
[Site "Ourense"]
[Date "2008.07.05"]
[Round "3.11"]
[White "Villalta Bustillo, Igor"]
[Black "Petkov, Vladimir"]
[Result "0-1"]
[WhiteElo "2146"]
[BlackElo "2423"]
[PlyCount "64"]
[EventDate "2008.07.03"]

1. d4 Nf6 2. Nf3 e6 3. Nbd2 c5 4. e3 b6 5. Bd3 Bb7 6. c3 Be7 7. Qe2 O-O 8. O-O
Nc6 9. a3 cxd4 10. cxd4 d5 11. b4 Bd6 12. Bb2 a5 13. b5 Ne7 14. a4 Bb4 15. Rfc1
Qd6 16. Qd1 Ne4 17. Nf1 f6 18. Qb3 Rac8 19. Rxc8 Rxc8 20. Rc1 g5 21. Rxc8+ Nxc8
22. Qc2 Qe7 23. N3d2 Ncd6 24. f3 Nxd2 25. Nxd2 h5 26. Bc3 e5 27. Qb2 Ne8 28.
Nf1 Nc7 29. Ng3 e4 30. fxe4 dxe4 31. Bc4+ Bd5 32. Ba2 Bxc3 0-1

[Event "XVII Aberto "]
[Site "Ourense"]
[Date "2008.07.05"]
[Round "3.12"]
[White "Ortiz Suarez, Isam"]
[Black "Alonso Macias, Victor"]
[Result "1-0"]
[WhiteElo "2392"]
[BlackElo "1977"]
[PlyCount "55"]
[EventDate "2008.07.03"]

1. e4 d5 2. exd5 Nf6 3. Nf3 Nxd5 4. d4 Bg4 5. Be2 e6 6. h3 Bf5 7. O-O Nc6 8. a3
Be7 9. c4 Nb6 10. Nc3 Bf6 11. d5 Na5 12. Nd4 O-O 13. Nxf5 exf5 14. c5 Bxc3 15.
cxb6 Bf6 16. Rb1 c6 17. b4 Qxb6 18. Be3 Qc7 19. d6 Qd7 20. bxa5 Rfd8 21. Bf3
Be5 22. Bc5 Bc3 23. Qb3 Bxa5 24. Qxb7 Qxb7 25. Rxb7 Bb6 26. Bxb6 axb6 27. d7
Rxa3 28. Bxc6 1-0

[Event "XVII Aberto "]
[Site "Ourense"]
[Date "2008.07.05"]
[Round "3.13"]
[White "Perez Candelario, Manuel"]
[Black "Gutierrez Bustillo, Diego"]
[Result "1-0"]
[WhiteElo "2537"]
[BlackElo "1947"]
[PlyCount "67"]
[EventDate "2008.07.03"]

1. e4 e5 2. Nf3 Nf6 3. Nxe5 d6 4. Nf3 Nxe4 5. Nc3 Nxc3 6. dxc3 Be7 7. Be3 Nc6
8. Qd2 Be6 9. O-O-O Qd7 10. h3 O-O-O 11. Ng5 Bxg5 12. Bxg5 f6 13. Be3 Ne5 14.
b3 c5 15. Be2 Qc7 16. Rhe1 Rhe8 17. f4 Nc6 18. Bd3 Qa5 19. Kb2 g6 20. Qf2 f5
21. Qh4 Qc7 22. Bf2 a6 23. g4 fxg4 24. hxg4 Qf7 25. Bg3 c4 26. Bf1 d5 27. f5
gxf5 28. gxf5 Bxf5 29. Qf4 Rxe1 30. Rxe1 Rf8 31. bxc4 Be6 32. Qd6 Rg8 33. Rxe6
Rxg3 34. Qxg3 1-0

[Event "XVII Aberto "]
[Site "Ourense"]
[Date "2008.07.05"]
[Round "3.14"]
[White "Rusev, Krasimir"]
[Black "Alcazar Jimenez, Victor"]
[Result "1-0"]
[WhiteElo "2508"]
[BlackElo "2391"]
[PlyCount "77"]
[EventDate "2008.07.03"]

1. d4 g6 2. e4 d6 3. Nf3 Bg7 4. Nc3 a6 5. Be2 Nd7 6. O-O c5 7. Be3 b6 8. Qd2
Bb7 9. Rad1 cxd4 10. Nxd4 Nc5 11. Bf3 h5 12. Rfe1 Nf6 13. Bg5 Qc7 14. Nd5 Qd8
15. Nxf6+ exf6 16. Bf4 O-O 17. Nb3 Re8 18. Qxd6 Qxd6 19. Rxd6 Na4 20. Nd2 b5
21. b3 Nc5 22. Rb6 Re6 23. Rxe6 Nxe6 24. Be3 Rc8 25. c4 Bf8 26. Be2 Bb4 27. f3
Rd8 28. Rd1 Nd4 29. Kf2 f5 30. Nb1 Bc5 31. b4 f4 32. bxc5 fxe3+ 33. Kxe3 Nc2+
34. Kf2 Rc8 35. Rd2 Nb4 36. Rb2 Nc6 37. cxb5 axb5 38. Bxb5 Nd4 39. Ke3 1-0

[Event "XVII Aberto "]
[Site "Ourense"]
[Date "2008.07.05"]
[Round "3.16"]
[White "Filip, Lucian"]
[Black "Margarido, Ricardo Emanuel Tor"]
[Result "1-0"]
[WhiteElo "2461"]
[BlackElo "1864"]
[PlyCount "81"]
[EventDate "2008.07.03"]

1. Nf3 Nf6 2. c4 d6 3. d4 Nbd7 4. Nc3 e5 5. g3 c6 6. Bg2 Be7 7. O-O O-O 8. e4
a6 9. a4 a5 10. h3 exd4 11. Nxd4 Nc5 12. Qc2 Re8 13. Be3 Nfd7 14. Rad1 Qc7 15.
Rd2 Na6 16. Rfd1 Nb4 17. Qb1 Nc5 18. b3 Be6 19. Bf4 Rad8 20. Na2 Nxa2 21. Qxa2
Bc8 22. Qc2 Qb6 23. Rb1 Bf6 24. Ne2 Be5 25. Bg5 Rd7 26. Kh2 g6 27. Be3 Qc7 28.
Rbd1 Bf6 29. Nf4 Red8 30. Nd3 Na6 31. Bf4 Nb4 32. Nxb4 axb4 33. c5 Be5 34. cxd6
Bxd6 35. Rxd6 Rxd6 36. Rxd6 Rxd6 37. Qc5 b6 38. Bxd6 bxc5 39. Bxc7 c4 40. bxc4
Ba6 41. c5 1-0

[Event "XVII Aberto "]
[Site "Ourense"]
[Date "2008.07.05"]
[Round "3.19"]
[White "Lopez Rodriguez, Walter"]
[Black "Millan Soto, Miguel"]
[Result "1-0"]
[WhiteElo "2227"]
[BlackElo "1926"]
[PlyCount "91"]
[EventDate "2008.07.03"]

1. c4 Nf6 2. Nc3 g6 3. e4 d6 4. d4 Bg7 5. h3 O-O 6. Bg5 Nbd7 7. Bd3 e5 8. d5 h6
9. Be3 Nc5 10. Bc2 a5 11. Qd2 Kh7 12. Nge2 Nfd7 13. g4 Rh8 14. Ng3 Kg8 15. b3
g5 16. f3 f6 17. h4 Kf7 18. O-O-O Na6 19. Rh3 Ndc5 20. Rdh1 Rg8 21. Nce2 Bd7
22. Qxa5 b6 23. Qd2 b5 24. hxg5 hxg5 25. cxb5 Bxb5 26. Rh7 Qb8 27. Nf5 Bxe2 28.
Qxe2 Nb4 29. Bb1 Qa7 30. Nh6+ Kf8 31. Nxg8 Kxg8 32. R7h2 Kf7 33. Kd1 Qa3 34.
Bxc5 dxc5 35. Qc4 Qa7 36. Rd2 Ke7 37. Ke2 Qa6 38. Qxa6 Nxa6 39. a3 Kd6 40. Rh7
Rg8 41. Bd3 Nb8 42. Bb5 Bf8 43. Kd3 Be7 44. Rdh2 Nd7 45. Bxd7 Kxd7 46. Rh8 1-0

[Event "XVII Aberto "]
[Site "Ourense"]
[Date "2008.07.05"]
[Round "3.20"]
[White "Hermida Araujo, Lino"]
[Black "Outerelo Ucha, Manuel"]
[Result "0-1"]
[WhiteElo "1907"]
[BlackElo "2218"]
[PlyCount "70"]
[EventDate "2008.07.03"]

1. d4 d6 2. Nf3 Nd7 3. g3 e5 4. dxe5 dxe5 5. Bg2 Ngf6 6. O-O Bc5 7. Bg5 h6 8.
Bxf6 Qxf6 9. Nbd2 O-O 10. Ne4 Qe7 11. Nxc5 Nxc5 12. c3 a5 13. Qd5 Re8 14. Rad1
c6 15. Qd6 Qxd6 16. Rxd6 Bf5 17. Nh4 Be6 18. b4 Na4 19. b5 Nxc3 20. bxc6 Nxe2+
21. Kh1 bxc6 22. Bxc6 Rad8 23. Rfd1 Rxd6 24. Rxd6 Rc8 25. Nf3 Nd4 26. Nxd4 exd4
27. Kg1 Bxa2 28. Bd5 Bb1 29. Bb7 Rb8 30. Ba6 Rb4 31. Kf1 a4 32. Ke2 a3 33. Rd8+
Kh7 34. Bd3+ Bxd3+ 35. Kxd3 Ra4 0-1

[Event "XVII Aberto "]
[Site "Ourense"]
[Date "2008.07.05"]
[Round "3.21"]
[White "Doval Gonzalez, Jose"]
[Black "Lorenzo Duran, Marcos"]
[Result "1-0"]
[WhiteElo "1886"]
[BlackElo "2214"]
[PlyCount "75"]
[EventDate "2008.07.03"]

1. e4 e6 2. Nf3 d5 3. e5 Ne7 4. c3 c5 5. d4 Nec6 6. Bd3 b6 7. O-O Ba6 8. Bxa6
Nxa6 9. Ng5 h6 10. Nh3 Nc7 11. Na3 c4 12. f4 g6 13. Nc2 b5 14. g4 h5 15. f5
hxg4 16. fxe6 Nxe6 17. Nf2 Qh4 18. Nxg4 Be7 19. Qf3 O-O-O 20. Bf4 Nxf4 21. Qxf4
Bg5 22. Qg3 Ne7 23. Rxf7 Nf5 24. Qg2 Rh7 25. Rxh7 Qxh7 26. Nf2 Bf4 27. Nh3 g5
28. Rf1 Be3+ 29. Kh1 Rh8 30. Rf3 Nh4 31. Qg4+ Kb8 32. Rxe3 Qxc2 33. Re2 Qd1+
34. Ng1 Rf8 35. e6 Rf1 36. Qg3+ Kb7 37. Rf2 Nf3 38. Rxf1 1-0

[Event "XVII Aberto "]
[Site "Ourense"]
[Date "2008.07.05"]
[Round "3.22"]
[White "Stanoev, Atanas"]
[Black "Otero Nogueira, Brais"]
[Result "1-0"]
[WhiteElo "2198"]
[BlackElo "1917"]
[PlyCount "53"]
[EventDate "2008.07.03"]

1. d4 Nf6 2. c4 g6 3. Nc3 Bg7 4. Nf3 d6 5. g3 O-O 6. Bg2 Nbd7 7. O-O e5 8. h3
c6 9. Qc2 Re8 10. Rd1 Qc7 11. e4 a5 12. Be3 exd4 13. Bxd4 Ne5 14. Nd2 Nh5 15.
Be3 Be6 16. b3 f5 17. Re1 Rad8 18. Rad1 Nf6 19. Na4 c5 20. Nc3 Qc8 21. Nb5 b6
22. Nb1 Nxe4 23. f3 Nxg3 24. Nxd6 Qc6 25. Nxe8 Rxe8 26. Qf2 Nh5 27. f4 1-0

[Event "XVII Aberto "]
[Site "Ourense"]
[Date "2008.07.05"]
[Round "3.23"]
[White "Eyo Castro-Rial, Alberto"]
[Black "Rey Torres, Salvador"]
[Result "1-0"]
[WhiteElo "2192"]
[BlackElo "1906"]
[PlyCount "83"]
[EventDate "2008.07.03"]

1. e4 e5 2. Nf3 Nc6 3. Bb5 Nge7 4. O-O g6 5. c3 Bg7 6. d4 exd4 7. cxd4 d5 8.
exd5 Nxd5 9. Re1+ Be6 10. Ng5 Qd6 11. Nc3 Nxc3 12. bxc3 O-O 13. Nxe6 fxe6 14.
Bc4 Rae8 15. a4 Rf5 16. Ba3 Qd7 17. Qb3 Nd8 18. Re2 Kh8 19. Rae1 e5 20. h3 Nc6
21. Bd3 Rg5 22. Kh2 Rd8 23. Qxb7 Rb8 24. Qa6 Rb3 25. Bc1 Rb6 26. Qc4 Na5 27.
Qa2 Rh5 28. Bc2 Qd6 29. Qf7 Rb8 30. dxe5 Rxe5 31. Rxe5 Bxe5+ 32. f4 Bg7 33. Re7
Qf6 34. Qxf6 Bxf6 35. Rxc7 a6 36. Be3 Rb2 37. Bd3 Rb3 38. Bxa6 Rxc3 39. Rxc3
Bxc3 40. Kg3 Kg7 41. Kf3 Kf6 42. Ke4 1-0

[Event "XVII Aberto "]
[Site "Ourense"]
[Date "2008.07.05"]
[Round "3.24"]
[White "Fernandez Andrade, Antonio"]
[Black "Pazos Porta, Antonio"]
[Result "1-0"]
[WhiteElo "1861"]
[BlackElo "2189"]
[PlyCount "79"]
[EventDate "2008.07.03"]

1. e4 e6 2. c4 d5 3. cxd5 exd5 4. exd5 Nf6 5. Bb5+ Bd7 6. Qe2+ Qe7 7. Bc4 Bg4
8. f3 Bf5 9. Nc3 a6 10. d4 Nbd7 11. Bf4 Rc8 12. Be5 b5 13. Bb3 Nb6 14. Bxf6
gxf6 15. Ne4 Bxe4 16. Qxe4 Rd8 17. Ne2 Bh6 18. Ng3 Qxe4+ 19. fxe4 Kd7 20. Nf5
Bf8 21. O-O Re8 22. Rae1 Nc8 23. e5 fxe5 24. dxe5 Bc5+ 25. Kh1 f6 26. e6+ Kd8
27. Nh6 Ke7 28. Nf5+ Kd8 29. Ng7 Re7 30. Nh5 Bd4 31. Nxf6 Bxb2 32. Ne4 Rg8 33.
Rf7 Nd6 34. Nxd6 cxd6 35. Ref1 Rg7 36. g3 a5 37. Rf8+ Kc7 38. R1f7 Rgxf7 39.
exf7 Kb7 40. Rb8+ 1-0

[Event "XVII Aberto "]
[Site "Ourense"]
[Date "2008.07.05"]
[Round "3.25"]
[White "Rey Alvarez, Jacobo"]
[Black "Lozoya Rodriguez, Alberto"]
[Result "0-1"]
[WhiteElo "1788"]
[BlackElo "2171"]
[PlyCount "68"]
[EventDate "2008.07.03"]

1. c4 Nf6 2. Nc3 d6 3. d4 e5 4. dxe5 dxe5 5. Qxd8+ Kxd8 6. Bg5 c6 7. O-O-O+ Kc7
8. f3 Be6 9. e3 a5 10. a3 Bc5 11. Na4 Ba7 12. e4 Nbd7 13. Bd2 Bxg1 14. Rxg1 b5
15. Nc3 bxc4 16. Na4 Ne8 17. Be3 Nd6 18. Rd2 f5 19. exf5 Nxf5 20. Bf2 Bd5 21.
Be2 Rab8 22. Rgd1 Nf6 23. Nc3 h6 24. Bc5 Rhe8 25. Ne4 Rb5 26. Nxf6 gxf6 27. Bf2
Nd4 28. Bxd4 exd4 29. f4 c3 30. Bxb5 cxd2+ 31. Rxd2 cxb5 32. Rxd4 Bxg2 33. Rd2
Be4 34. b3 Rg8 0-1

[Event "XVII Aberto "]
[Site "Ourense"]
[Date "2008.07.05"]
[Round "3.26"]
[White "Vidal Del Rio, Diego"]
[Black "Ferreira, Miguel"]
[Result "1-0"]
[WhiteElo "2146"]
[BlackElo "1807"]
[PlyCount "69"]
[EventDate "2008.07.03"]

1. e4 c6 2. d4 d5 3. exd5 cxd5 4. Nf3 Nf6 5. c4 e6 6. Nc3 Be7 7. Bf4 a6 8. c5
Nc6 9. a3 O-O 10. b4 Ne4 11. Qd3 f5 12. h4 b6 13. cxb6 Qxb6 14. Na4 Qb7 15. Nc5
Bxc5 16. dxc5 Nxb4 17. axb4 Qxb4+ 18. Bd2 Qxc5 19. Qe3 Qxe3+ 20. Bxe3 f4 21.
Bd4 Rb8 22. Bd3 Ra8 23. Ng5 Rd8 24. Be5 Bb7 25. Bxf4 Nf6 26. O-O Re8 27. Rfe1
Bc8 28. Bb5 h6 29. Bxe8 hxg5 30. Bc6 Ra7 31. hxg5 Ne4 32. g6 a5 33. Be8 Nc3 34.
Bf7+ Kh8 35. Re3 1-0

[Event "XVII Aberto "]
[Site "Ourense"]
[Date "2008.07.05"]
[Round "3.27"]
[White "Galan Martin, Pedro Juan"]
[Black "Lopez Graña, Carmen"]
[Result "1/2-1/2"]
[WhiteElo "2114"]
[BlackElo "1764"]
[PlyCount "79"]
[EventDate "2008.07.03"]

1. e4 e6 2. d4 d5 3. Nc3 Nf6 4. Bg5 dxe4 5. Nxe4 Be7 6. Bxf6 gxf6 7. Qd3 a6 8.
Be2 Nd7 9. Nf3 b5 10. O-O Bb7 11. c3 f5 12. Ned2 Rg8 13. a4 b4 14. c4 a5 15. d5
Nf6 16. Rfe1 Nh5 17. Qe3 Qd6 18. Rac1 Nf4 19. Bf1 Nh3+ 20. Kh1 f4 21. Qe2 Ng5
22. Nxg5 Bxg5 23. Qg4 O-O-O 24. Ne4 Qe7 25. d6 cxd6 26. c5 d5 27. Nd6+ Kb8 28.
Nxb7 Qxb7 29. c6 Qc7 30. Qe2 Be7 31. Qb5+ Ka8 32. Qa6+ Kb8 33. Qb5+ Ka8 34.
Qa6+ Kb8 35. Rc2 d4 36. Qb5+ Ka8 37. Qa6+ Kb8 38. Qb5+ Ka8 39. Qa6+ Kb8 40.
Qb5+ 1/2-1/2

[Event "XVII Aberto "]
[Site "Ourense"]
[Date "2008.07.05"]
[Round "3.28"]
[White "Nuñez Area, Luis"]
[Black "De Nacimiento Montaño, Angel"]
[Result "0-1"]
[WhiteElo "1752"]
[BlackElo "2099"]
[PlyCount "54"]
[EventDate "2008.07.03"]

1. d4 g6 2. c4 Bg7 3. Nc3 c5 4. Nf3 cxd4 5. Nxd4 Nc6 6. e3 Nf6 7. Be2 O-O 8.
O-O d6 9. Bf3 Ne5 10. Re1 Nxc4 11. Qb3 Ne5 12. Be2 Nc6 13. Nf3 Bd7 14. Bd2 a6
15. Qxb7 Rb8 16. Qxa6 Nb4 17. Qc4 Nc2 18. b3 Rc8 19. Qd3 Nxa1 20. Rxa1 Bf5 21.
Qb5 Ne4 22. Nxe4 Bxa1 23. Ng3 Qd7 24. Nxf5 Qxf5 25. Qxf5 gxf5 26. a4 Bc3 27.
Kf1 Bxd2 0-1

[Event "XVII Aberto "]
[Site "Ourense"]
[Date "2008.07.05"]
[Round "3.29"]
[White "Lorenzo Serrano, Henar"]
[Black "Mejuto De Ulloa, Jorge"]
[Result "0-1"]
[WhiteElo "1745"]
[BlackElo "2067"]
[PlyCount "96"]
[EventDate "2008.07.03"]

1. e4 d6 2. d4 Nf6 3. Nc3 g6 4. Bg5 Bg7 5. f4 c6 6. Bc4 b5 7. Bb3 b4 8. Bxf6
Bxf6 9. Nce2 O-O 10. Nf3 Qc7 11. e5 Bg7 12. c3 a5 13. Rc1 Qb6 14. Ng3 c5 15.
Qc2 cxd4 16. cxd4 Bg4 17. Qe4 Na6 18. O-O Rad8 19. Kh1 dxe5 20. dxe5 a4 21. Bc4
Bc8 22. f5 Bb7 23. Qh4 Bxf3 24. Rxf3 Bxe5 25. Ne4 Rd4 26. Rh3 h5 27. fxg6 Qxg6
28. Bxa6 Rxe4 29. Qxh5 Qxh5 30. Rxh5 Bxb2 31. Bd3 Re3 32. Bh7+ Kg7 33. Rd1 Rd8
34. Rf1 Rd2 35. Bf5 Ree2 36. Rg5+ Kh6 37. Rg3 Rf2 38. Rf3 Rxf3 39. gxf3 Kg5 40.
Be4 Be5 41. Rg1+ Kf6 42. Rg2 Rd8 43. h4 b3 44. axb3 axb3 45. Rg1 b2 46. h5 Rh8
47. Kg2 Rxh5 48. Kf2 Bd4+ 0-1

[Event "XVII Aberto "]
[Site "Ourense"]
[Date "2008.07.05"]
[Round "3.30"]
[White "Ferreiro Mera, Aaron"]
[Black "Perez Candelario, Matias"]
[Result "0-1"]
[WhiteElo "1723"]
[BlackElo "2064"]
[PlyCount "26"]
[EventDate "2008.07.03"]

1. e4 e5 2. Nf3 d6 3. d4 exd4 4. Nxd4 Nf6 5. Nc3 Be7 6. Be2 O-O 7. O-O Re8 8.
Bf3 Nbd7 9. Nf5 Bf8 10. Bg5 h6 11. Be3 Ne5 12. Ng3 Nxf3+ 13. Qxf3 Bg4 0-1

[Event "XVII Aberto "]
[Site "Ourense"]
[Date "2008.07.05"]
[Round "3.31"]
[White "Blazquez Criado, Sergio"]
[Black "Outomuro Nieves, Rafael"]
[Result "0-1"]
[WhiteElo "1645"]
[BlackElo "2051"]
[PlyCount "80"]
[EventDate "2008.07.03"]

1. e4 e5 2. Nc3 d6 3. Bc4 Nf6 4. d3 Nc6 5. Nge2 Na5 6. Bb3 Nxb3 7. axb3 c6 8.
O-O Be7 9. f4 O-O 10. f5 Qb6+ 11. Kh1 d5 12. exd5 cxd5 13. Qe1 Bd7 14. Qg3 Rfe8
15. Qxe5 Bd6 16. Qd4 Bc5 17. Qf4 Rac8 18. d4 Bd6 19. Qf3 a6 20. Bf4 Bxf4 21.
Qxf4 Bc6 22. Rae1 Ne4 23. Rf3 Re7 24. Nxe4 Rxe4 25. Qd2 f6 26. b4 Rce8 27. c3
Bb5 28. Rf2 Qc7 29. Kg1 Qe7 30. Kf1 Re3 31. Qc2 Bd3 32. Qd2 Qd7 33. Kg1 Bxf5
34. Rc1 Qe7 35. Ng3 Bg6 36. b3 h5 37. h4 Rxg3 38. c4 Rxb3 39. c5 Rd3 40. Qb2
Qe4 0-1